Cubiertas industriales de chapa canaleta uralita / (Record no. 130589)

MARC details
000 -LEADER
campo de control de longitud fija 00497nam a2200169 i 4500
001 - NÚMERO DE CONTROL
campo de control 130589
003 - IDENTIFICADOR DE NÚMERO DE CONTROL
campo de control ES-MaACL
005 - FECHA Y HORA DE LA ÚLTIMA TRANSACCIÓN
campo de control 20230906193800.0
007 - CAMPO FIJO DE DESCRIPCIÓN FÍSICA--INFORMACIÓN GENERAL
campo de control de longitud fija t|
008 - DATOS DE LONGITUD FIJA--INFORMACIÓN GENERAL
campo de control de longitud fija 070801s1922 sp ||||1| spa d
100 1# - ENTRADA PRINCIPAL--NOMBRE DE PERSONA
Nombre de persona Zardoya Morera, Jaime.
9 (RLIN) 118073
245 10 - MENCIÓN DEL TÍTULO
Título Cubiertas industriales de chapa canaleta uralita /
Mención de responsabilidad, etc. Jaime Zardoya Morera.
260 ## - PUBLICACIÓN, DISTRIBUCIÓN, ETC.
Lugar de publicación, distribución, etc. Barcelona :
Nombre del editor, distribuidor, etc. A. Artís,
Fecha de publicación, distribución, etc. 1922.
300 ## - DESCRIPCIÓN FÍSICA
Extensión 158 p. ;
Dimensiones 25 cm.
650 #4 - PUNTO DE ACCESO ADICIONAL DE MATERIA--TÉRMINO DE MATERIA
Término de materia o nombre geográfico como elemento de entrada Cubiertas (Construcción)
9 (RLIN) 11469
852 ## - LOCALIZACIÓN
Ubicación ES-MaACL
Número de control de estantería B-4796
Holdings
Estatus retirado Estado de pérdida Estado de daño No para préstamo Biblioteca de origen Biblioteca actual Ubicación en estantería Fecha de adquisición Fuente de adquisición Total de préstamos Signatura topográfica completa Código de barras Visto por última vez Precio de reemplazo Tipo de ítem Koha
        Biblioteca del Ateneo de Madrid Biblioteca del Ateneo de Madrid Sala Pardo Bazán 17/01/2008     B-4796 1135967 23/02/2023 23/02/2023 Libro impreso